000 00300nam a22001337a 4500
008 170207b xxu||||| |||| 00| 0 eng d
020 _a9780781740432
041 _aeng
080 _25ED
_a61
100 _a4
101 _aSHM
245 _aCOLON RECTAL SURGERY
_cWILLIAMS WILLKINS
942 _2udc
_cBK
999 _c4842
_d4842